| 000 | 00529cam a2200181ua 4500 | ||
|---|---|---|---|
| 020 |
_a00110455800004 _c$12.50 |
||
| 041 |
_aeng _h |
||
| 082 |
_a660.2812 _bSEI/PR |
||
| 100 | _aWarren D.saider, J.D Seadar . | ||
| 245 |
_aproduct and process design principles / _cWarren D saider, J.D.seader, Daniel R Lewin. _hTextual Documents |
||
| 260 |
_aNew Delhi : _bWiley Eastern Ltd , _c2005. |
||
| 300 | _a802 ; . | ||
| 365 | _a$12.50 | ||
| 504 | _a | ||
| 700 | 1 | _aDanniel, R.Lewin . | |
| 942 | _cBK | ||
| 999 |
_c12370 _d12370 |
||